Statystyki dla Państwa, które produkują najwięcej węgla

Kliknij tutaj aby rozwiązać quiz!

Ogólne statystyki

  • Ten quiz został rozwiązany 37 razy
  • Średni wynik to 12 z 15

Statystyki odpowiedzi

Produkcja (tony)Państwo% Poprawnych
3 545 903 783,027Chiny
100%
121 954 783,965Polska
97%
432 653 685,466Rosja
97%
685 983 184,193Stany Zjednoczone
97%
741 598 592,295Indie
91%
169 019 350,993Niemcy
91%
54 599 935,067Kanada
86%
483 132 425,434Australia
83%
87 786 969,599Turcja
71%
258 665 692,381Republika Południowej Afryki
69%
113 694 864,788Kazachstan
66%
46 393 520,998Mongolia
66%
43 660 948,076Czechy
63%
548 579 347,601Indonezja
54%
83 035 901,249Kolumbia
46%

Rozkład punktacji

Percentyl według liczby udzielonych odpowiedzi

Procent ludzi z każdym wynikiem

Twoja historia wyników

Nie rozwiązałeś tego quizu